Thủy sản sông Cứu Long qua huyền thoại - truyền thuyết
Giới thiệu về huyền thoại, truyền thuyết về thủy sản sông cửu long.
Tallennettuna:
| Päätekijä: | |
|---|---|
| Aineistotyyppi: | Kirja |
| Kieli: | Vietnamese |
| Julkaistu: |
H.
Văn Hóa Dân Tộc
2011
|
| Aiheet: | |
| Tagit: |
Lisää tagi
Ei tageja, Lisää ensimmäinen tagi!
|
| Thư viện lưu trữ: | Trung tâm Học liệu Lê Vũ Hùng, Trường Đại học Đồng Tháp |
|---|
| LEADER | 00988aam a22002538a 4500 | ||
|---|---|---|---|
| 001 | 00029259 | ||
| 005 | 20171026081022.0 | ||
| 008 | 120518s2011 ||||||viesd | ||
| 020 | # | # | |a 9786047000944 |
| 041 | 0 | # | |a vie |
| 082 | 1 | 4 | |a 398.24 |b TH523S |
| 100 | 0 | # | |a Liêm Châu |e Sưu tầm, biên soạn |
| 245 | 1 | 0 | |a Thủy sản sông Cứu Long qua huyền thoại - truyền thuyết |c Liêm Châu (Sưu tầm, biên soạn) |
| 260 | # | # | |a H. |b Văn Hóa Dân Tộc |c 2011 |
| 300 | # | # | |a 279 tr. |c 21 cm |
| 500 | # | # | |a ĐTTS ghi: Hội Văn Nghệ Dân gian Việt Nam |
| 520 | # | # | |a Giới thiệu về huyền thoại, truyền thuyết về thủy sản sông cửu long. |
| 653 | # | # | |a Huyền thoại |
| 653 | # | # | |a Sông cửu long |
| 653 | # | # | |a Thủy sản |
| 852 | # | # | |b Kho đọc |j KD.0013639 |
| 852 | # | # | |j KD.0013639 |
| 910 | |d 18/05/2012 | ||
| 980 | # | # | |a Trung tâm Học liệu Lê Vũ Hùng, Trường Đại học Đồng Tháp |


